La institucionalidad ínsita en la contabilidad pública (Registro nro. 11943)

Detalles MARC
000 -LEADER
fixed length control field 00322 a2200109 4500
001 - CONTROL NUMBER
control field ART_24604
005 - DATE AND TIME OF LATEST TRANSACTION
control field 20260410161625.0
008 - FIXED-LENGTH DATA ELEMENTS--GENERAL INFORMATION
fixed length control field 260409a
100 1# - MAIN ENTRY--PERSONAL NAME
Personal name Atchabahian, Adolfo
245 10 - TITLE STATEMENT
Title La institucionalidad ínsita en la contabilidad pública
773 0# - HOST ITEM ENTRY
Title Enfoques
Related parts - Nº 6 (jun. 2014)
Record control number REV416

No hay ítems disponibles.